[Event "Africa-ch"]
[Site "Giza"]
[Date "2023.05.09"]
[Round "5"]
[White "Ashraf, Shereif"]
[Black "Ezat, Mohamed Mahmoud"]
[Result "1/2-1/2"]
[WhiteElo "2239"]
[BlackElo "2402"]
[PlyCount "50"]
[EventDate "2023.05.06"]
[EventType "swiss"]
[EventRounds "9"]
[EventCountry "EGY"]
[SourceTitle "CBM 214 Extra"]
[Source "ChessBase"]
[SourceDate "2023.07.31"]
[SourceVersion "1"]
[SourceVersionDate "2023.07.31"]
[SourceQuality "1"]

1. d4 Nf6 2. c4 e6 3. g3 g6 4. Bg2 Bg7 5. Nc3 0-0 6. e4 d6 7. Nf3 e5 8. h3 Nc6 9. Be3 exd4 10. Nxd4 Nxd4 11. Bxd4 Be6 12. Qe2 c5 13. Be3 Qa5 14. 0-0 Qb4 15. Nd5 Nxd5 16. exd5 Bd7 17. Rac1 b5 18. b3 Rfe8 19. Rfe1 a5 20. Qd2 Qxd2 21. Bxd2 b4 22. Bf4 Bf8 23. g4 a4 24. Bf3 axb3 25. axb3 Ra3 1/2-1/2

[Event "Africa-ch"]
[Site "Giza"]
[Date "2023.05.08"]
[Round "4"]
[White "Adly, Ahmed"]
[Black "Ashraf, Shereif"]
[Result "1-0"]
[WhiteElo "2596"]
[BlackElo "2239"]
[PlyCount "47"]
[EventDate "2023.05.06"]
[EventType "swiss"]
[EventRounds "9"]
[EventCountry "EGY"]
[SourceTitle "CBM 214 Extra"]
[Source "ChessBase"]
[SourceDate "2023.07.31"]
[SourceVersion "1"]
[SourceVersionDate "2023.07.31"]
[SourceQuality "1"]

1. Nf3 Nf6 2. g3 e6 3. Bg2 d5 4. 0-0 c5 5. d3 Nc6 6. Nbd2 Be7 7. e4 Qc7 8. Re1 b6 9. e5 Nd7 10. c4 0-0 11. cxd5 exd5 12. d4 Bb7 13. Nf1 Rad8 14. Bf4 Qc8 15. Bh3 Nxd4 16. Nxd4 cxd4 17. Rc1 Qa8 18. Rc7 Bb4 19. Bxd7 Bxe1 20. Qxe1 Bc8 21. e6 fxe6 22. Bxe6+ Bxe6 23. Qxe6+ Kh8 24. Be5 1-0

[Event "Chefchaouen op 18th"]
[Site "Chefchaouen"]
[Date "2019.07.19"]
[Round "7"]
[White "Ashraf, Shereif"]
[Black "Karpatchev, Aleksandr"]
[Result "0-1"]
[WhiteElo "2292"]
[BlackElo "2445"]
[PlyCount "64"]
[EventDate "2019.07.15"]
[EventType "swiss"]
[EventRounds "9"]
[EventCountry "MAR"]
[SourceTitle "CBM 191 Extra"]
[Source "ChessBase"]
[SourceDate "2019.09.30"]
[SourceVersion "1"]
[SourceVersionDate "2019.09.30"]
[SourceQuality "1"]

1. d4 d5 2. c4 dxc4 3. e3 c5 4. Bxc4 cxd4 5. Nf3 e6 6. 0-0 d3 7. Nc3 a6 8. e4 Nc6 9. Bf4 Nge7 10. Qxd3 Qxd3 11. Bxd3 Ng6 12. Be3 Nb4 13. Bb1 b5 14. a4 bxa4 15. Nxa4 Be7 16. Rc1 0-0 17. h4 h5 18. Nb6 Rb8 19. Ra4 Rd8 20. Kh2 Bb7 21. g3 Nd3 22. Bxd3 Rxd3 23. Rc3 Rd1 24. Bc5 Bf6 25. Rb3 Rbd8 26. Be3 Rb1 27. Rab4 a5 28. Ra4 Rdd1 29. Rc4 Ne5 30. Nxe5 Bxe5 31. Na4 Ba6 32. Rc5 Be2 0-1

[Event "Chefchaouen op 18th"]
[Site "Chefchaouen"]
[Date "2019.07.17"]
[Round "4"]
[White "Levin, Evgeny A"]
[Black "Ashraf, Shereif"]
[Result "1-0"]
[WhiteElo "2504"]
[BlackElo "2292"]
[PlyCount "79"]
[EventDate "2019.07.15"]
[EventType "swiss"]
[EventRounds "9"]
[EventCountry "MAR"]
[SourceTitle "CBM 191 Extra"]
[Source "ChessBase"]
[SourceDate "2019.09.30"]
[SourceVersion "1"]
[SourceVersionDate "2019.09.30"]
[SourceQuality "1"]

1. d4 Nf6 2. c4 g6 3. Nc3 Bg7 4. e4 d6 5. Be2 0-0 6. Be3 e5 7. d5 Na6 8. g4 Nc5 9. f3 h5 10. g5 Nh7 11. h4 f6 12. gxf6 Bxf6 13. Bf2 Be7 14. Kd2 Rf4 15. Qe1 a5 16. Kc2 Bd7 17. Nh3 Rxh4 18. Bxh4 Bxh4 19. Qg1 Qf6 20. f4 Kh8 21. fxe5 Qxe5 22. Qxg6 Nxe4 23. Bd3 Nef6 24. Raf1 Rg8 25. Nf4 Qe3 26. Qf7 Be8 27. Qxc7 Bg5 28. Rh3 Qe5 29. Nce2 Bh6 30. c5 a4 31. Qxd6 Qg5 32. Rg1 Ng4 33. Qc7 Nhf6 34. Kb1 Rg7 35. Qd8 Rd7 36. Qb8 Rxd5 37. Rxh5 Nxh5 38. Qxe8+ Kg7 39. Ne6+ Kf6 40. Rf1+ 1-0

[Event "Chefchaouen op 17th"]
[Site "Chefchaouen"]
[Date "2018.07.23"]
[Round "1"]
[White "Drais, Ali"]
[Black "Ashraf, Shereif"]
[Result "0-1"]
[WhiteElo "1806"]
[BlackElo "2343"]
[PlyCount "70"]
[EventDate "2018.07.23"]
[EventType "swiss"]
[EventRounds "9"]
[EventCountry "MAR"]
[SourceTitle "EXT 2020"]
[Source "ChessBase"]
[SourceDate "2019.10.17"]
[SourceVersion "1"]
[SourceVersionDate "2019.10.17"]
[SourceQuality "1"]

1. e4 c5 2. Nf3 d6 3. d4 cxd4 4. Nxd4 Nf6 5. Nc3 a6 6. h3 e6 7. g4 d5 8. exd5 Nxd5 9. Nde2 Bb4 10. Bg2 0-0 11. 0-0 Nxc3 12. Nxc3 Qc7 13. Qf3 Bd6 14. Ne4 Be5 15. c3 Nd7 16. Qe2 Bf4 17. Rd1 Bh2+ 18. Kh1 h6 19. g5 hxg5 20. Bxg5 f6 21. Bh4 Ne5 22. Qh5 Bf4 23. Nd6 Bd7 24. Rd4 Bh6 25. f4 Nc6 26. Rd3 Bxf4 27. Be4 f5 28. Rg1 Ne5 29. Be7 fxe4 30. Bxf8 Rxf8 31. Rdg3 Bxg3 32. Rxg3 Qxd6 33. Qg5 Qd1+ 34. Rg1 Qf3+ 35. Kh2 Qxh3+ 0-1

[Event "Monastir Moknine op-A"]
[Site "Monastir"]
[Date "2017.09.08"]
[Round "6"]
[White "Ashraf, Shereif"]
[Black "Boudriga, Mohamed Ali"]
[Result "0-1"]
[WhiteElo "2306"]
[BlackElo "2334"]
[PlyCount "88"]
[EventDate "2017.09.05"]
[EventType "swiss"]
[EventRounds "9"]
[EventCountry "TUN"]
[SourceTitle "CBM 180 Extra"]
[Source "ChessBase"]
[SourceDate "2017.10.06"]
[SourceVersion "1"]
[SourceVersionDate "2017.10.06"]
[SourceQuality "1"]

1. d4 Nf6 2. c4 g6 3. g3 Bg7 4. Bg2 0-0 5. Nf3 d6 6. 0-0 Nc6 7. Nc3 e5 8. d5 Ne7 9. e4 Ne8 10. Ne1 f5 11. Nd3 Nf6 12. exf5 gxf5 13. f4 e4 14. Nf2 a6 15. a4 c6 16. Be3 cxd5 17. cxd5 Qa5 18. Bd2 Qc5 19. Rc1 Qa7 20. Qb3 Ng4 21. Ncd1 Bd4 22. Rc7 Rf7 23. Be1 e3 24. Nxg4 fxg4 25. Nxe3 Bxe3+ 26. Kh1 Qb6 27. Qc4 Bf5 28. a5 Qd4 29. Qxd4 Bxd4 30. Rxb7 Bd3 31. Bd2 Bxf1 32. Bxf1 Nf5 33. Rb3 Rc7 34. Bd3 Rac8 35. h3 Rc1+ 36. Bxc1 Rxc1+ 37. Kg2 Ne3+ 38. Kh2 Rd1 39. hxg4 Nxg4+ 40. Kg2 Rd2+ 41. Kf3 Nf6 42. g4 Rf2+ 43. Kg3 Rxb2 44. Rxb2 Bxb2 0-1

[Event "Chefchaouen op 16th"]
[Site "Chefchaouen"]
[Date "2017.07.26"]
[Round "4"]
[White "Ashraf, Shereif"]
[Black "Rizouk, Aimen"]
[Result "1/2-1/2"]
[WhiteElo "2239"]
[BlackElo "2472"]
[PlyCount "87"]
[EventDate "2017.07.24"]
[EventType "swiss"]
[EventRounds "9"]
[EventCountry "MAR"]
[SourceTitle "EXT 2020"]
[Source "ChessBase"]
[SourceDate "2019.10.17"]
[SourceVersion "1"]
[SourceVersionDate "2019.10.17"]
[SourceQuality "1"]

1. d4 Nf6 2. c4 e6 3. g3 d5 4. Nf3 Be7 5. Bg2 0-0 6. 0-0 dxc4 7. Qc2 a6 8. Qxc4 b5 9. Qc2 Bb7 10. Bd2 Be4 11. Qc1 Bb7 12. Qc2 Ra7 13. Rc1 Be4 14. Qb3 Nbd7 15. Ba5 Qb8 16. Qe3 Rc8 17. b4 c6 18. Nbd2 Bg6 19. Nh4 Bh5 20. h3 Nd5 21. Bxd5 cxd5 22. Rxc8+ Qxc8 23. Nb3 Bxh4 24. Rc1 Qe8 25. gxh4 h6 26. f3 Qe7 27. Rc8+ Kh7 28. Qf4 e5 29. dxe5 Nxe5 30. Bb6 Rb7 31. Bf2 Qe6 32. Rd8 Ng6 33. Qe3 Qxh3 34. Rxd5 Re7 35. Qd3 Rxe2 36. Rxh5 Rxa2 37. Qf5 Qxf5 38. Rxf5 f6 39. h5 Ne5 40. Bd4 Nc6 41. Bc5 Rb2 42. Nd4 Nxd4 43. Bxd4 Rxb4 44. Rd5 1/2-1/2

[Event "Golden Cleopatra op"]
[Site "Cairo"]
[Date "2016.12.16"]
[Round "4"]
[White "Ashraf, Shereif"]
[Black "Allam, Emad Hamdy"]
[Result "1-0"]
[WhiteElo "2195"]
[BlackElo "2014"]
[PlyCount "45"]
[EventDate "2016.12.13"]
[EventType "swiss"]
[EventRounds "10"]
[EventCountry "EGY"]
[SourceTitle "CBM 176 Extra"]
[Source "ChessBase"]
[SourceDate "2017.03.02"]
[SourceVersion "1"]
[SourceVersionDate "2017.03.02"]
[SourceQuality "1"]

1. d4 Nf6 2. Nf3 b6 3. c4 Bb7 4. Nc3 e6 5. a3 Be7 6. Qc2 d5 7. cxd5 exd5 8. g3 0-0 9. Bg2 c5 10. 0-0 Nc6 11. Rd1 cxd4 12. Nxd4 Nxd4 13. Rxd4 Qc8 14. Qd3 Bc5 15. Rh4 g6 16. Bg5 Ng4 17. e3 Ne5 18. Nxd5 h5 19. Nf6+ Kg7 20. Rxh5 Rh8 21. Rxh8 Kxh8 22. Qc3 Bxg2 23. Qxe5 1-0

[Event "Cairo Egyptian op"]
[Site "Cairo"]
[Date "2016.04.25"]
[Round "5"]
[White "Ashraf, Shereif"]
[Black "Hesham, Abdelrahman"]
[Result "0-1"]
[WhiteElo "2073"]
[BlackElo "2390"]
[PlyCount "88"]
[EventDate "2016.04.22"]
[EventType "swiss"]
[EventRounds "9"]
[EventCountry "EGY"]
[SourceTitle "CBM 172 Extra"]
[Source "ChessBase"]
[SourceDate "2016.06.21"]
[SourceVersion "1"]
[SourceVersionDate "2016.06.21"]
[SourceQuality "1"]

1. e4 e5 2. Nf3 Nc6 3. Bc4 Nf6 4. d3 Bc5 5. c3 0-0 6. h3 d6 7. Bg5 a6 8. Bb3 Ba7 9. Nbd2 Qe7 10. Nf1 Be6 11. Bc2 d5 12. Qe2 dxe4 13. dxe4 b5 14. Ng3 Rfd8 15. Nh4 g6 16. Qf3 Kg7 17. 0-0 h6 18. Nhf5+ Bxf5 19. Bxf6+ Qxf6 20. exf5 Ne7 21. a4 b4 22. Qg4 Kh8 23. fxg6 fxg6 24. Qxb4 Rab8 25. Qa3 Nf5 26. Ne4 Qb6 27. Rad1 Nd6 28. Nxd6 cxd6 29. b4 Rf8 30. Qc1 Kg7 31. a5 Qc6 32. Qd2 Rf6 33. Bb3 Rc8 34. Rc1 Rcf8 35. Bd5 Qc8 36. Qd3 Bxf2+ 37. Kh1 Rf4 38. Qe2 g5 39. Rc2 g4 40. hxg4 h5 41. Bf3 Bg3 42. g5 e4 43. Qd1 exf3 44. Rxf3 Qg4 0-1

[Event "Mahalla op 16th"]
[Site "Mahalla"]
[Date "2015.07.30"]
[Round "7"]
[White "Ashraf, Shereif"]
[Black "Abdel Moaety, Mohamed"]
[Result "1/2-1/2"]
[WhiteElo "1978"]
[BlackElo "2166"]
[PlyCount "116"]
[EventDate "2015.07.24"]
[EventType "swiss"]
[EventRounds "9"]
[EventCountry "EGY"]
[SourceTitle "EXT 2016"]
[Source "ChessBase"]
[SourceDate "2015.10.08"]
[SourceVersion "1"]
[SourceVersionDate "2015.10.08"]
[SourceQuality "1"]

1. Nf3 d5 2. g3 c6 3. Bg2 Bg4 4. 0-0 Nd7 5. d3 e6 6. h3 Bh5 7. Qe1 Bd6 8. Nbd2 Ne7 9. e4 0-0 10. Nh4 Ng6 11. Nxg6 Bxg6 12. f4 Re8 13. e5 Bc5+ 14. Kh1 a5 15. Nf3 Be7 16. g4 c5 17. h4 h5 18. Bh3 Nf8 19. f5 hxg4 20. fxg6 gxf3 21. gxf7+ Kxf7 22. Qg3 Bxh4 23. Rxf3+ Kg8 24. Qg4 Nh7 25. Be3 d4 26. Rg1 g5 27. Qxh4 dxe3 28. Qh5 Re7 29. Bxe6+ Kh8 30. Bf5 Qd5 31. Be4 Qxe5 32. Rxe3 Rg7 33. Rh3 Qe7 34. Bxh7 Rxh7 35. Rxg5 b6 36. Qxh7+ Qxh7 37. Rxh7+ Kxh7 38. Rf5 Kg6 39. Rd5 Rb8 40. a4 Kf6 41. Kg2 Ke6 42. Rh5 Rg8+ 43. Kf2 Kd6 44. Rh6+ Kc7 45. b3 Rg4 46. Rh2 Rd4 47. Ke3 Rg4 48. Rf2 Rh4 49. c3 Rh1 50. Rf7+ Kc6 51. Rf6+ Kc7 52. Rf7+ Kc6 53. Rf6+ Kc7 54. d4 Rb1 55. dxc5 bxc5 56. Ra6 Rxb3 57. Kd3 Ra3 58. Rxa5 Kb6 1/2-1/2

[Event "Mahalla op 16th"]
[Site "Mahalla"]
[Date "2015.07.28"]
[Round "5"]
[White "Ashraf, Shereif"]
[Black "Amin, Bassem"]
[Result "0-1"]
[WhiteElo "1978"]
[BlackElo "2640"]
[PlyCount "60"]
[EventDate "2015.07.24"]
[EventType "swiss"]
[EventRounds "9"]
[EventCountry "EGY"]
[SourceTitle "EXT 2016"]
[Source "ChessBase"]
[SourceDate "2015.10.08"]
[SourceVersion "1"]
[SourceVersionDate "2015.10.08"]
[SourceQuality "1"]

1. d4 Nf6 2. c4 g6 3. Nc3 Bg7 4. e4 d6 5. Nf3 0-0 6. Be2 e5 7. 0-0 Nbd7 8. d5 Nc5 9. Qc2 a5 10. Be3 Ne8 11. Nd2 f5 12. f3 f4 13. Bf2 h5 14. a3 g5 15. b4 Na6 16. Rab1 axb4 17. axb4 g4 18. Rfc1 Qg5 19. Kh1 Rf6 20. Qd1 Rg6 21. Bf1 Nf6 22. b5 Nc5 23. Bg1 g3 24. Qe2 gxh2 25. Bxh2 h4 26. Kg1 h3 27. Ra1 Rb8 28. Ra2 hxg2 29. Bxg2 Bh3 30. Ndb1 Bxg2 0-1

[Event "Cairo Masters op"]
[Site "Cairo"]
[Date "2014.02.27"]
[Round "9"]
[White "Kandil, Adham"]
[Black "Ashraf, Shereif"]
[Result "1-0"]
[WhiteElo "1814"]
[BlackElo "1950"]
[PlyCount "81"]
[EventDate "2014.02.20"]
[EventType "swiss"]
[EventRounds "9"]
[EventCountry "EGY"]
[SourceTitle "EXT 2015"]
[Source "ChessBase"]
[SourceDate "2014.11.20"]
[SourceVersion "1"]
[SourceVersionDate "2014.11.20"]
[SourceQuality "1"]

1. e4 g6 2. d4 Bg7 3. f4 d6 4. Nf3 a6 5. a4 Nf6 6. Nc3 0-0 7. Be2 c5 8. dxc5 Qa5 9. Nd2 Qxc5 10. Nb3 Qb4 11. 0-0 Be6 12. Qd4 Qxd4+ 13. Nxd4 Nxe4 14. Nxe6 Nxc3 15. bxc3 fxe6 16. Rb1 Nc6 17. Rxb7 Bxc3 18. Bf3 d5 19. Bg4 Kf7 20. Ba3 Rfb8 21. Rfb1 Rxb7 22. Rxb7 Ra7 23. Rb3 Bf6 24. Bb2 h5 25. Bh3 a5 26. Kf1 Rc7 27. c3 e5 28. f5 g5 29. g4 hxg4 30. Bxg4 Rc8 31. Rb5 Rb8 32. Ba3 Rxb5 33. axb5 Nd8 34. Bh5+ Kg7 35. b6 e4 36. Ke2 Nc6 37. Be8 Nb8 38. c4 dxc4 39. Ke3 Be5 40. Kxe4 Bxh2 41. Bxe7 1-0

[Event "Cairo Masters op"]
[Site "Cairo"]
[Date "2014.02.20"]
[Round "1"]
[White "Gabr, Mohsen"]
[Black "Ashraf, Shereif"]
[Result "1-0"]
[WhiteElo "2240"]
[BlackElo "1950"]
[PlyCount "75"]
[EventDate "2014.02.20"]
[EventType "swiss"]
[EventRounds "9"]
[EventCountry "EGY"]
[SourceTitle "EXT 2015"]
[Source "ChessBase"]
[SourceDate "2014.11.20"]
[SourceVersion "1"]
[SourceVersionDate "2014.11.20"]
[SourceQuality "1"]

1. d4 g6 2. e4 Bg7 3. Nc3 d6 4. Be3 c6 5. Qd2 Nf6 6. f3 b5 7. 0-0-0 Nbd7 8. Bh6 Bxh6 9. Qxh6 Qa5 10. Kb1 b4 11. Nce2 Nb6 12. Nc1 Na4 13. Nb3 Qc7 14. Ne2 a5 15. g4 Nb6 16. g5 Nh5 17. Ng3 Nf4 18. Qg7 Rf8 19. Qxh7 a4 20. Nc1 Bd7 21. Qh4 Ne6 22. f4 c5 23. Nge2 c4 24. f5 Nd8 25. fxg6 fxg6 26. Qh7 c3 27. Qxg6+ Nf7 28. bxc3 bxc3 29. Ka1 Nc4 30. e5 Qb7 31. Nd3 Rb8 32. Nxc3 a3 33. Rb1 Nb2 34. Qe4 d5 35. Nxd5 Bc6 36. Bg2 Kd8 37. Nc5 Qc8 38. Qg6 1-0

[Event "EGY-ch"]
[Site "Cairo"]
[Date "2013.03.28"]
[Round "3"]
[White "Sadek, Sameh"]
[Black "Ashraf, Shereif"]
[Result "1-0"]
[WhiteElo "2338"]
[BlackElo "1885"]
[PlyCount "67"]
[EventDate "2013.03.26"]
[EventType "swiss"]
[EventRounds "9"]
[EventCountry "EGY"]
[SourceTitle "CBM 153 Extra"]
[Source "ChessBase"]
[SourceDate "2013.04.22"]
[SourceVersion "1"]
[SourceVersionDate "2013.04.22"]
[SourceQuality "1"]

1. d4 Nf6 2. c4 g6 3. Nc3 Bg7 4. e4 d6 5. Be2 0-0 6. Nf3 c5 7. 0-0 Nc6 8. d5 Nb8 9. h3 Nbd7 10. Bf4 h6 11. Qd2 Kh7 12. Rfe1 Ng8 13. Bd3 Ne5 14. Nxe5 dxe5 15. Be3 b6 16. a3 e6 17. b4 exd5 18. cxd5 cxb4 19. axb4 f5 20. f3 f4 21. Bf2 Qg5 22. Kh2 Qh5 23. Nb5 g5 24. Nc7 Rb8 25. Rxa7 Rf7 26. Rea1 Nf6 27. Ne6 g4 28. fxg4 Nxg4+ 29. Kg1 Nxf2 30. Qxf2 Rxa7 31. Rxa7 Qd1+ 32. Qf1 Qxf1+ 33. Kxf1 Bxe6 34. dxe6 1-0

[Event "EGY-ch U20"]
[Site "Cairo"]
[Date "2013.02.??"]
[Round "6.3"]
[White "Ashraf, Shereif"]
[Black "Wafa, Shrook"]
[Result "0-1"]
[WhiteElo "1907"]
[BlackElo "1908"]
[PlyCount "59"]
[EventDate "2013.02.02"]
[EventType "swiss"]
[EventRounds "9"]
[EventCountry "EGY"]
[SourceTitle "EXT 2024"]
[Source "ChessBase"]
[SourceDate "2023.10.10"]
[SourceVersion "1"]
[SourceVersionDate "2023.10.10"]
[SourceQuality "1"]

1. e4 c5 2. Nf3 Nc6 3. d4 cxd4 4. Nxd4 Nf6 5. Nc3 e5 6. Ndb5 d6 7. Bg5 a6 8. Na3 b5 9. Nd5 Qa5+ 10. Bd2 Qd8 11. Bg5 Be7 12. Bxf6 Bxf6 13. Bd3 Be6 14. 0-0 Bxd5 15. exd5 Ne7 16. Be4 0-0 17. c4 b4 18. Nc2 Rb8 19. b3 g6 20. Qd2 a5 21. Rab1 Bg7 22. g3 f5 23. Bg2 f4 24. a3 g5 25. axb4 axb4 26. Nxb4 Qa5 27. c5 Qxb4 28. Qxb4 Rxb4 29. c6 f3 30. Bh3 0-1

[Event "EGY-ch U20"]
[Site "Cairo"]
[Date "2013.02.??"]
[Round "7.2"]
[White "Nader, Mohamed"]
[Black "Ashraf, Shereif"]
[Result "1/2-1/2"]
[WhiteElo "2044"]
[BlackElo "1907"]
[PlyCount "88"]
[EventDate "2013.02.02"]
[EventType "swiss"]
[EventRounds "9"]
[EventCountry "EGY"]
[SourceTitle "EXT 2024"]
[Source "ChessBase"]
[SourceDate "2023.10.10"]
[SourceVersion "1"]
[SourceVersionDate "2023.10.10"]
[SourceQuality "1"]

1. d4 Nf6 2. Nf3 g6 3. e3 Bg7 4. c4 d5 5. Nc3 0-0 6. Be2 c6 7. 0-0 Nbd7 8. b4 dxc4 9. Bxc4 Ne8 10. Bb2 Nb6 11. Be2 Nd6 12. Rc1 Nbc4 13. Ba1 b5 14. Ne1 a5 15. Bf3 Bb7 16. Nd3 axb4 17. Nxb4 Rc8 18. Ne4 Nxe4 19. Bxe4 Qd6 20. Nd3 Kh8 21. Nb2 Qe6 22. Nxc4 Qxe4 23. Na5 Ba8 24. Qc2 Qxc2 25. Rxc2 Rc7 26. Bc3 Rfc8 27. Bb4 e5 28. dxe5 Bxe5 29. f4 Bf6 30. Rfc1 c5 31. Rxc5 Rxc5 32. Rxc5 Rxc5 33. Bxc5 Bd5 34. Nb3 Kg8 35. Kf2 Bc3 36. g3 f5 37. Bd4 Bb4 38. h3 Kf7 39. Bb2 Ke7 40. Nd4 Bxa2 41. Nxb5 Bc4 42. Nd4 Bc5 43. Nf3 Bg8 44. Bd4 Bb4 1/2-1/2